01159nam a2200193Ia 4500001001000000003001000010008004100020040002500061041001300086100002300099245006700122250001100189260008500200300001200285500026200297501011400559520026200673650003000935L220-4041IT-CnALBA170116s9999||||xx |||||||||||||| ||und|| aIT-CnALBAcIT-CnALBA aITALIANO aBONSIRVEN GIUSEPPE 0aLA SACRA BIBBIA. IL GIUDAISMO PALESTINESE AL TEMPO DI GESÙ.  a1a ed. a TORINO - ROMAbMARIETTI EDITORE c1950 [1° Ed.:1950 - Ed.Ling.Originale: 1950] a188 p.  aCURATORE BONSIRVEN. TRADUZIONE DAL DICTIONNAIRE DE LA BIBLE CON CORREZIONI E AGGIUNTE. INTRODUZIONE. DIO. ESISTENZA DI DIO. ANTROPOMORFISMO. MONOTEISMO. DIO CREATORE, PROVVIDENZA, ONNIPOTENZA, ONNISCIENZA, PRESCIENZA, PREDESTINAZIONE. LIBERTÀ MISERICORDIA aSocietà San Paolo EM - Piazza San Paolo, 14 - 12051 ALBA (CN) (non commercial uses only) ® Copyright 2017 aCURATORE BONSIRVEN. TRADUZIONE DAL DICTIONNAIRE DE LA BIBLE CON CORREZIONI E AGGIUNTE. INTRODUZIONE. DIO. ESISTENZA DI DIO. ANTROPOMORFISMO. MONOTEISMO. DIO CREATORE, PROVVIDENZA, ONNIPOTENZA, ONNISCIENZA, PRESCIENZA, PREDESTINAZIONE. LIBERTÀ MISERICORDIA aBIBBIA - TESTI E COMMENTI